Experimental Behaviour of some Symplectic and G-symplectic Methods for the Numerical Solution of Conservative Systems (Record no. 528185)
[ view plain ]
| 000 -LEADER | |
|---|---|
| fixed length control field | 00617nam a22001697a 4500 |
| 020 ## - INTERNATIONAL STANDARD BOOK NUMBER | |
| Qualifying information | HBK |
| 082 ## - DEWEY DECIMAL CLASSIFICATION NUMBER | |
| Classification number | 510 |
| 100 ## - MAIN ENTRY--PERSONAL NAME | |
| Personal name | Mustafa, Rafay |
| 245 ## - TITLE STATEMENT | |
| Title | Experimental Behaviour of some Symplectic and G-symplectic Methods for the Numerical Solution of Conservative Systems |
| Statement of responsibility, etc. | Rafay Mustafa. |
| 260 ## - PUBLICATION, DISTRIBUTION, ETC. | |
| Place of publication, distribution, etc. | Islamabad: |
| Name of publisher, distributor, etc. | SNS - NUST, |
| Date of publication, distribution, etc. | 2013. |
| 300 ## - PHYSICAL DESCRIPTION | |
| Extent | 54 p. : ill. ; |
| Dimensions | 30cm. |
| 650 ## - SUBJECT ADDED ENTRY--TOPICAL TERM | |
| Topical term or geographic name entry element | Mathematics - MS Thesis. |
| 700 ## - ADDED ENTRY--PERSONAL NAME | |
| Personal name | Supervised Dr. Yousaf Habib. |
| 856 ## - Uniform Resource Identifier | |
| Uniform Resource Identifier | <a href="http://10.250.8.41:8080/xmlui/handle/123456789/4095">http://10.250.8.41:8080/xmlui/handle/123456789/4095</a> |
| 942 ## - ADDED ENTRY ELEMENTS (KOHA) | |
| Source of classification or shelving scheme | |
| Koha item type | Thesis |
| 650 ## - SUBJECT ADDED ENTRY--TOPICAL TERM | |
| -- | 16139 |
| 700 ## - ADDED ENTRY--PERSONAL NAME | |
| -- | 19786 |
| Withdrawn status | Lost status | Source of classification or shelving scheme | Damaged status | Not for loan | Permanent Location | Current Location | Shelving location | Date acquired | Total Checkouts | Full call number | Barcode | Date last seen | Price effective from | Koha item type |
|---|---|---|---|---|---|---|---|---|---|---|---|---|---|---|
| Central Library (CL) | Central Library (CL) | Thesis | 08/31/2019 | 510 | CL-T-2011 | 08/31/2019 | 08/31/2019 | Thesis |
